000 01001nam0a22003011 4500
001 rc\4686384
005 20250612152910.0
021 _aRU
_b[64-87006]
035 _a(NLR Aleph) 008710973
090 _a9357972
_c9357972
100 _a20130416d1964 |||y0rusy50 ca
101 0 _arus
102 _aRU
105 _ay z |||||
200 1 _aПочему мы отреклись от религии
_e[Сборник статей]
210 _aФрунзе
_cКыргызстан
_d1964
215 _a64 с.
_d20
225 1 _aБиблиотечка атеиста
300 _aНа обороте тит. л. сост.: Е. Ячник
320 _aБиблиогр. в конце книги
606 _aАтеизм
_jСборники
_2psbo
606 _aРелигия
_jСборники
_2psbo
702 1 _aЯнчик
_bЕ.С.
_gЕвгений Самуилович
_4220
801 0 _aRU
_bNLR
_gpsbo
801 1 _aRU
_bELAR
_2rusmarc
852 _aNLR
_j64-4/19062
942 _cBOOK
980 _aNB